000 00953nas a2200313 4500
001 BR0800669
003 BR-BrBNA
005 20231205111527.0
007 ta
008 230509b bl.|||p| |||| 00| 00por d
040 _aBR-BrBNA
_bpor
_cBiblioteca Nacional de Agricultura
041 _a(Pt)
072 _aL40; L72; L73
100 1 _aMatos, E.
100 1 _aMatos, P.
100 1 _aCorral, L.
100 1 _aAzevedo, C.
245 1 _aA morfologia ultra-estrutural de microorganismos parasitas que causam microsporidioses e mixosporidioses em peixes tropicais brasileiros
650 _aMORFOLOGIA ANIMAL
650 _aPRAGA DE ANIMAL
650 _aDOENÇA ANIMAL
650 _aMICRORGANISMO
650 _aPEIXE
650 _aPARASITO
650 _aMIXOSPORÍDIO
773 0 _tBoletim Técnico do CEPTA (Brazil)
_xISSN 0103-1112
_g(2003), v. 16 p. 27-40
_wBR0800669
909 _a202311
_bLúcia
_c55
_dLúcia Elande
942 _2AGRIS
_n0
_cANA
999 _c193180
_d193180